| 000 | 01136cam a2200229 4500 | ||
|---|---|---|---|
| 001 | ABS67130 | ||
| 008 | 031029n2003 000 0 eng u | ||
| 035 | _a(Sirsi) u124176 | ||
| 100 | _aSkeggs, C. | ||
| 245 | _aProject partnering in the international construction industry | ||
| 260 | _c2003 | ||
| 490 |
_aInternational Construction Law Review _v20(4) October 2003, 456-482(27) |
||
| 520 | _aInvestigates project partnering in the context of the international construction industry. The findings are mainly based on responses to a survey and direct consultations with the leading European construction companies facilitated by the European International Contractors Association. Gives a background to project partnering and concludes it is a positive development in the construction industry, which has the potential to improve the performance of the international industry. Bibliography. | ||
| 590 | _aABS | ||
| 650 | _aINTERNATIONAL | ||
| 650 | _aEUROPE | ||
| 650 | _aEUROPEAN INTERNATIONAL CONTRACTORS | ||
| 650 | _aCONSTRUCTION INDUSTRY | ||
| 650 | _aPROJECT PARTNERING | ||
| 690 |
_aProcurement _96260 |
||
| 942 | _n0 | ||
| 999 |
_c73709 _d73709 |
||